000
00366nam a2200169Ia 4500
003
0100
008
130303s9999 xx 000 0 und d
040
_c
ARRUPELIB
050
_a
LC493.M26 1959
100
_a
McGloin, Joseph T
245
_a
Smile at your own risk
260
_a
Milwaukee WI
260
_b
Bruce
260
_C
1959
300
_a
147p
942
0
0
_0
1
999
_c
48332
_d
48332